000 00708nam a2200289Ia 4500
005 20260324114426.0
008 008 260324s9999 xx 000 0 eng d
020 _a9781003196983
037 _aEBOOK
040 _aCRL
040 _beng
040 _cCRL
041 _2eng
041 _aeng
084 _qCRL
100 _aAnna Harper
_91150721
245 0 _aSustainable Residential Investing
245 0 _bHow to Make Profits with Positive Impacts from UK Property
260 _bTaylor and Francis
260 _c2022
365 _a
365 _b240
856 _uhttp://www.taylorfrancis.com/books/9781003196983
942 _cEBOOK
999 _c1740903
_d1740903